00527nam a2200193 a 450000100060000000300090000600800410001502000150005604000280007108200180009910000340011724500470015126000360019830000110023449000310024565000170027665000150029365000250030819065CO-ViMGA141112s2004 ck r 000 u spa d a8471143658 aCO-ViMGAbspacCO-ViMGA04a635.91 M471p.1 aMiralles de Imperial, Rosario10aFlores secas de nuestros campos y jardines aMadrid : bMundi - prensa; 1992 a156 p. aAgroguías Mundi - prensa14aFLORES SECAS14aJARDINERIA14aPLANTAS ORNAMENTALES